LEADER 01123cam0-2200337---450- 001 990005637060403321 005 20140722132728.0 010 $a3-442-07542-4 035 $a000563706 035 $aFED01000563706 035 $a(Aleph)000563706FED01 035 $a000563706 100 $a19990604d1987----km-y0itay50------ba 101 0 $ager 102 $aDE 105 $a--------001by 200 1 $aFrühlings Erwachen$eeine Kindertragödie$a<>Marquis von Keith$eSchauspiel$fFrank Wedekind$gmit einem Nachwort, Erläuterungen und bibliographischen Hinweisen von Thomas Medicus und Burghard Dedner$gsowie mit einer Zeittafel zu Wedekind von Hartmut Vinçon 205 $a8. Aufl. 210 $aMünchen$cGoldmann$d1987 215 $a263 p.$d18 cm 225 1 $aGoldmann klassiker$v7542 676 $a832.8 700 1$aWedekind,$bFrank$f<1864-1918>$0158645 801 0$aIT$bUNINA$gRICA$2UNIMARC 901 $aBK 912 $a990005637060403321 952 $a832.8 WEDE 4$bDip.f.m.3248$fFLFBC 959 $aFLFBC 996 $aMarquis von Keith$989455 996 $aFruhlings erwachen$951527 997 $aUNINA LEADER 00903nam0-2200325---450- 001 990008829960403321 005 20090324100543.0 035 $a000882996 035 $aFED01000882996 035 $a(Aleph)000882996FED01 035 $a000882996 100 $a20090324d1969----km-y0itay50------ba 101 0 $afre 102 $aFR 105 $a--------001cy 200 1 $a<>nouveau théâtre anglais$fMarie Claire Pasquier$gNicole Rougier$gBernard Brugiere 210 $aParis$cColin$dİ1969 215 $a414 p.$cill.$d17 cm 225 1 $aU2$v69 676 $a822.91409 700 1$aPasquier,$bMarie Claire$0505285 702 1$aRougier,$bNicole 702 1$aBrugiere,$bBernard 801 0$aIT$bUNINA$gRICA$2UNIMARC 901 $aBK 912 $a990008829960403321 952 $aBIB. BAT. 7027$b14777$fBAT 959 $aBAT 996 $aNouveau théâtre anglais$9806449 997 $aUNINA